| 000 | 02211nam a2200337Ia 4500 | ||
|---|---|---|---|
| 999 |
_c55620 _d55620 |
||
| 001 | 22715 | ||
| 003 | GE_BSU | ||
| 005 | 20230425174627.0 | ||
| 008 | 181216s ||||ge |||||||||||||| ||geo|| | ||
| 020 | _a9789941182655 | ||
| 040 | _cGE_BSU | ||
| 041 | _ageo | ||
| 080 | _a613.83 ლ-89 | ||
| 100 |
_aლუისი, ჯუდით _917785 |
||
| 245 |
_aკონსულტირება ნივთიერებათა ავადმოხმარებისას / _cჯუდით ა. ლუისი, რობერტ ქ. დანა, გრეგორი ა. ბლევინსი ; მთარგმნელი ნინო ბარძიმიშვილი ; რედაქტორი ნინო აღდგომელაშვილი. |
||
| 250 | _aმე-5 გამოცემა | ||
| 264 |
_aთბილისი : _bილიას სახელმწ. უნ-ტის გამ-ბა, _c2017. |
||
| 300 |
_axvi, 309 გვ. ; _c25 სმ. |
||
| 500 | _aგამოცემა დაფინანსებულია ევროკომისიის მიერ TEMPUS-ის დაფინანსების მექანიზმის გამოყენებით | ||
| 520 | _aგამოცემა დაფინანსებულია ევროკომისიის მიერ TEMPUS-ის დაფინანსების მექანიზმის გამოყენებით. | ||
| 541 | _h20ლ. | ||
| 653 | _aკონსულტირება ნივთიერებათა ავადმოხმარებისას | ||
| 653 | _aმედიცინა | ||
| 653 | _aნარკომანია | ||
| 653 | _a ალკოჰოლიზმი | ||
| 700 |
_aდანა, რობერტ ქ. _eავტორი _917786 |
||
| 700 |
_aბლევინსი, გრეგორი ა. _eავტორი _917787 |
||
| 700 |
_aბარძიმიშვილი, ნინო _eმთარგმნელი _947 |
||
| 700 |
_aაღდგომელაშვილი, ნინო _eრედაქტორი _912661 |
||
| 942 |
_cBK _2udc |
||